[Event "XIV American Continental-ch 2019"]
[Site "Sao Paulo"]
[Date "2019.07.13"]
[Round "11.22"]
[White "Gauche, Charles"]
[Black "Languidey, Simon Alejandro"]
[Result "0-1"]
[WhiteElo "2200"]
[BlackElo "2427"]
[Annotator "NA"]
[PlyCount "142"]
[EventDate "2019.07.05"]
[EventType "swiss"]
[EventCountry "BRA"]
[SourceTitle "playchess.com"]
[Source "ChessBase"]
[SourceQuality "1"]
[TimeControl "40/5400+30:1800+30"]

1. e4 {[%emt 0:03:24]} e6 {[%emt 0:12:06]} 2. d4 {[%emt 0:00:09]} d5 {[%emt 0:00:06]} 3. Nd2 {[%emt 0:00:56]} Nc6 {[%emt 0:00:53]} 4. Ngf3 {[%emt 0:01:32]} Nf6 {[%emt 0:00:19]} 5. e5 {[%emt 0:00:05]} Nd7 {[%emt 0:00:09]} 6. c3 {[%emt 0:00:10]} f6 7. Bb5 {[%emt 0:00:33]} fxe5 {[%emt 0:18:32]} 8. Nxe5 {[%emt 0:01:24]} Ncxe5 {[%emt 0:02:38]} 9. dxe5 {[%emt 0:00:26]} c6 {[%emt 0:00:52]} 10. Bd3 {[%emt 0:00:08]} Nxe5 {[%emt 0:09:55]} 11. Qh5+ {[%emt 0:00:22]} Nf7 {[%emt 0:00:08]} 12. Bxh7 {[%emt 0:00:17]} e5 {[%emt 0:19:12]} 13. Nf3 {[%emt 0:02:16]} Bd6 {[%emt 0:00:10]} 14. Nh4 {[%emt 0:02:33]} Bg4 {[%emt 0:03:30]} 15. Qxg4 {[%emt 0:01:03]} Rxh7 {[%emt 0:00:38]} 16. Nf5 {[%emt 0:00:35]} Qf6 {[%emt 0:00:05]} 17. Be3 {[%emt 0:01:37]} g6 {[%emt 0:01:51]} 18. Nxd6+ {[%emt 0:00:29]} Nxd6 {[%emt 0:00:10]} 19. Bg5 {[%emt 0:01:03]} Qf5 {[%emt 0:00:29]} 20. Qxf5 {[%emt 0:00:11]} gxf5 {[%emt 0:00:07]} 21. Bf6 {[%emt 0:01:19]} e4 {[%emt 0:00:33]} 22. O-O-O {[%emt 0:02:53]} Kf7 {[%emt 0:00:07]} 23. Bg5 {[%emt 0:01:00]} Rg8 {[%emt 0:01:01]} 24. h4 {[%emt 0:00:17]} Ke6 {[%emt 0:00:28]} 25. g3 {[%emt 0:06:15]} Nc4 {[%emt 0:02:10]} 26. Kc2 {[%emt 0:04:10]} Ne5 {[%emt 0:01:37]} 27. a4 {[%emt 0:04:02]} c5 {[%emt 0:02:40]} 28. Bf4 {[%emt 0:06:15]} Rh5 {[%emt 0:06:46]} 29. a5 {[%emt 0:02:43]} Nf3 {[%emt 0:00:18]} 30. Kb3 {[%emt 0:01:39]} Rd8 {[%emt 0:01:19]} 31. Ka4 {[%emt 0:00:54]} a6 {[%emt 0:04:35]} 32. b4 {[%emt 0:00:26]} cxb4 {[%emt 0:01:46]} 33. Kxb4 {[%emt 0:00:43]} Rc8 {[%emt 0:00:33]} 34. Rb1 {[%emt 0:00:27]} Rc4+ {[%emt 0:01:24]} 35. Kb3 {[%emt 0:00:11]} Rc5 {[%emt 0:01:01]} 36. Ka4 {[%emt 0:00:40]} Rc4+ {[%emt 0:01:27]} 37. Rb4 {[%emt 0:00:16]} Rxb4+ {[%emt 0:00:29]} 38. Kxb4 {[%emt 0:00:06]} Ne5 {[%emt 0:04:24]} 39. Be3 {[%emt 0:05:00]} Nd7 {[%emt 0:01:46]} 40. c4 {[%emt 0:00:49]} Ne5 {[%emt 0:03:10]} 41. cxd5+ {[%emt 0:31:54]} Kxd5 {[%emt 0:30:10]} 42. Rd1+ {[%emt 0:01:36]} Nd3+ {[%emt 0:00:27]} 43. Kc3 {[%emt 0:00:41]} Kc6 {[%emt 0:00:00]} 44. Kd4 {[%emt 0:00:00]} Kb5 {[%emt 0:00:00]} 45. Rb1+ {[%emt 0:00:00]} Kxa5 {[%emt 0:00:00]} 46. Rxb7 {[%emt 0:00:00]} Ka4 {[%emt 0:00:00]} 47. f3 {[%emt 0:00:00]} Ne1 {[%emt 0:00:00]} 48. fxe4 {[%emt 0:00:00]} Nf3+ {[%emt 0:00:00]} 49. Kc3 {[%emt 0:00:00]} a5 {[%emt 0:00:00]} 50. exf5 {[%emt 0:00:00]} Rxf5 {[%emt 0:00:00]} 51. Kd3 {[%emt 0:00:00]} Rh5 {[%emt 0:00:00]} 52. Bf2 {[%emt 0:00:00]} Ne5+ {[%emt 0:00:00]} 53. Ke4 {[%emt 0:00:00]} Nc4 {[%emt 0:00:00]} 54. Rb8 {[%emt 0:00:00]} Nd6+ {[%emt 0:00:00]} 55. Kf3 {[%emt 0:00:00]} Rf5+ {[%emt 0:00:00]} 56. Kg2 {[%emt 0:00:00]} Rb5 {[%emt 0:00:00]} 57. Rf8 {[%emt 0:00:40]} Kb3 {[%emt 0:00:00]} 58. g4 {[%emt 0:04:34]} a4 {[%emt 0:00:00]} 59. h5 {[%emt 0:01:50]} a3 {[%emt 0:00:00]} 60. h6 {[%emt 0:00:46]} a2 {[%emt 0:00:00]} 61. Ra8 {[%emt 0:01:26]} Nf7 {[%emt 0:00:00]} 62. Be3 {[%emt 0:04:49]} Rd5 {[%emt 0:00:38]} 63. h7 {[%emt 0:02:26]} Rd8 {[%emt 0:01:42]} 64. Rxd8 {[%emt 0:00:22]} a1=Q {[%emt 0:00:47]} 65. Rf8 {[%emt 0:01:04]} Nh8 {[%emt 0:01:48]} 66. Rg8 {[%emt 0:02:17]} Qe5 {[%emt 0:02:57]} 67. Kf3 {[%emt 0:05:35]} Qd5+ {[%emt 0:03:13]} 68. Kg3 {[%emt 0:07:33]} Qd6+ {[%emt 0:00:21]} 69. Kg2 {[%emt 0:00:35]} Qc6+ {[%emt 0:00:41]} 70. Kg1 {[%emt 0:01:50]} Qe4 {[%emt 0:00:46]} 71. Rxh8 {[%emt 0:00:57]} Qxe3+ {[%emt 0:00:11]} 0-1

[Event "XIV American Continental-ch 2019"]
[Site "Sao Paulo"]
[Date "2019.07.13"]
[Round "11.23"]
[White "Almiron, Antonio"]
[Black "Labussiere, Victor"]
[Result "1/2-1/2"]
[WhiteElo "2402"]
[BlackElo "2194"]
[Annotator "NA"]
[PlyCount "39"]
[EventDate "2019.07.05"]
[EventType "swiss"]
[EventCountry "BRA"]
[SourceTitle "playchess.com"]
[Source "ChessBase"]
[SourceQuality "1"]
[TimeControl "40/5400+30:1800+30"]

1. d4 {[%emt 0:00:00]} d5 {[%emt 0:03:20]} 2. Bf4 {[%emt 0:00:00]} Nf6 {[%emt 0:00:59]} 3. e3 {[%emt 0:00:00]} c5 {[%emt 0:01:30]} 4. c3 {[%emt 0:00:00]} Nc6 {[%emt 0:00:51]} 5. Nd2 {[%emt 0:00:00]} Bf5 {[%emt 0:02:30]} 6. Qb3 {[%emt 0:00:30]} Qc8 {[%emt 0:06:28]} 7. Ngf3 {[%emt 0:06:47]} c4 {[%emt 0:07:23]} 8. Qd1 {[%emt 0:00:08]} h6 {[%emt 0:05:39]} 9. h3 {[%emt 0:00:11]} e6 {[%emt 0:01:25]} 10. Be2 {[%emt 0:00:44]} Be7 {[%emt 0:00:45]} 11. O-O {[%emt 0:01:12]} O-O {[%emt 0:01:15]} 12. Ne5 {[%emt 0:09:46]} b5 {[%emt 0:08:23]} 13. a3 {[%emt 0:00:03]} Nd7 {[%emt 0:04:25]} 14. Nxd7 {[%emt 0:10:58]} Qxd7 {[%emt 0:01:42]} 15. Bf3 {[%emt 0:00:02]} Bd3 {[%emt 0:11:16]} 16. Re1 {[%emt 0:00:08]} f5 17. Be2 {[%emt 0:00:08]} Bxe2 {[%emt 0:01:54]} 18. Qxe2 {[%emt 0:00:02]} a5 {[%emt 0:02:59]} 19. Reb1 {[%emt 0:07:57]} b4 {[%emt 0:03:51]} 20. Qd1 {[%emt 0:03:09]} 1/2-1/2

[Event "XIV American Continental-ch 2019"]
[Site "Sao Paulo"]
[Date "2019.07.13"]
[Round "11.24"]
[White "Sarkar, Justin"]
[Black "Alboredo, Julia"]
[Result "1/2-1/2"]
[WhiteElo "2389"]
[BlackElo "2175"]
[Annotator "NA"]
[PlyCount "23"]
[EventDate "2019.07.05"]
[EventType "swiss"]
[EventCountry "BRA"]
[SourceTitle "playchess.com"]
[Source "ChessBase"]
[SourceQuality "1"]
[TimeControl "40/5400+30:1800+30"]

1. c4 {[%emt 0:21:35]} e5 {[%emt 0:00:00]} 2. Nc3 {[%emt 0:01:54]} Nf6 {[%emt 0:00:17]} 3. d4 {[%emt 0:01:26]} exd4 {[%emt 0:02:30]} 4. Qxd4 {[%emt 0:00:05]} Nc6 {[%emt 0:01:06]} 5. Qd1 {[%emt 0:00:13]} Bb4 {[%emt 0:06:36]} 6. Bd2 {[%emt 0:00:09]} d5 {[%emt 0:13:42]} 7. cxd5 {[%emt 0:03:05]} Nxd5 {[%emt 0:01:44]} 8. Nxd5 {[%emt 0:00:26]} Qxd5 {[%emt 0:00:16]} 9. Bxb4 {[%emt 0:00:38]} Qxd1+ {[%emt 0:01:50]} 10. Rxd1 {[%emt 0:00:09]} Nxb4 {[%emt 0:00:08]} 11. a3 {[%emt 0:00:10]} Nc6 {[%emt 0:00:34]} 12. Nf3 {[%emt 0:00:12]} 1/2-1/2